[Event "FIDE Women’s World Rapid Championships 2024"]
[White "Gunina, Valentina"]
[Black "Peycheva, Gergana"]
[Site "New York, USA"]
[Round "1"]
[Board "20"]
[Result "1-0"]
[Date "2024.12.26"]
[WhiteElo "2388"]
[BlackElo "2222"]
[PlyCount "83"]
[GameId "2127263735578778"]
[EventDate "2024.12.26"]
[EventType "rapid"]
[EventRounds "11"]
[EventCountry "FID"]

1. d4 d5 2. c4 e6 3. Nf3 Nf6 4. Nc3 Nbd7 5. Bf4 dxc4 6. e3 Bd6 7. Bxd6 cxd6 8. Bxc4 Nb6 9. Bd3 O-O 10. O-O Bd7 11. e4 Bc6 12. Re1 Re8 13. a4 e5 14. d5 Bd7 15. Nd2 Bc8 16. Qb3 Nbd7 17. Qa3 Nc5 18. Bf1 a5 19. Nb5 b6 20. Nc4 Nfxe4 21. f3 Nf6 22. Nbxd6 Re7 23. Rad1 Nfd7 24. Nf5 Re8 25. d6 Ba6 26. Ne7+ Rxe7 27. dxe7 Qxe7 28. Kh1 Bxc4 29. Bxc4 h6 30. Bb5 Nf8 31. Qe3 Ng6 32. f4 e4 33. Bc6 Rd8 34. Rxd8+ Qxd8 35. Bxe4 Qf6 36. f5 Nf8 37. b3 Qb2 38. Bd5 Qf6 39. Bc4 Qxf5 40. Rf1 Qg4 41. Qe8 Qg6 42. Bxf7+ 1-0

[Event "FIDE Women’s World Rapid Championships 2024"]
[White "Heinemann, Josefine"]
[Black "Narva, Mai"]
[Site "New York, USA"]
[Round "1"]
[Board "21"]
[Result "1-0"]
[Date "2024.12.26"]
[WhiteElo "2218"]
[BlackElo "2384"]
[PlyCount "79"]
[GameId "2127263735578779"]
[EventDate "2024.12.26"]
[EventType "rapid"]
[EventRounds "11"]
[EventCountry "FID"]

1. e4 e5 2. Nf3 Nc6 3. Bb5 Bc5 4. c3 Bb6 5. O-O Nf6 6. d4 O-O 7. Re1 d6 8. h3 h6 9. Be3 Bd7 10. Bd3 exd4 11. cxd4 d5 12. e5 Ne4 13. Nc3 Bf5 14. a3 Qd7 15. Qc2 Rad8 16. Rad1 Ne7 17. Nxe4 dxe4 18. Bxe4 Bxe4 19. Qxe4 Qb5 20. Qg4 Kh7 21. Rd2 Nd5 22. Nh4 Nxe3 23. fxe3 c5 24. Qe4+ Kh8 25. Kh1 Ba5 26. b4 cxb4 27. axb4 Bxb4 28. Rb1 a5 29. Rf2 Qd5 30. Qg4 Kh7 31. Rbf1 a4 32. Qh5 Rd7 33. Nf5 Qe6 34. Qf3 a3 35. Qe4 g6 36. Ng3 Be7 37. Nh5 b5 38. Nf4 Qa6 39. e6 Rd6 40. Nxg6 1-0

[Event "FIDE Women’s World Rapid Championships 2024"]
[White "Krush, Irina"]
[Black "Wu, Rochelle"]
[Site "New York, USA"]
[Round "1"]
[Board "22"]
[Result "0-1"]
[Date "2024.12.26"]
[WhiteElo "2382"]
[BlackElo "2217"]
[PlyCount "74"]
[GameId "2127263735578780"]
[EventDate "2024.12.26"]
[EventType "rapid"]
[EventRounds "11"]
[EventCountry "FID"]

1. Nf3 Nf6 2. c4 e6 3. e3 d5 4. d4 Be7 5. Nbd2 O-O 6. b3 dxc4 7. bxc4 c5 8. Bd3 Nc6 9. Bb2 b6 10. O-O Bb7 11. Rc1 Qd7 12. Qe2 Rfd8 13. Rfd1 Rac8 14. h3 Qc7 15. a3 g6 16. dxc5 bxc5 17. Ne4 Nxe4 18. Bxe4 Bf8 19. Rb1 Ba6 20. Bxc6 Qxc6 21. Ne5 Qe4 22. Ng4 Be7 23. Bf6 h5 24. Bxe7 Rxd1+ 25. Qxd1 hxg4 26. hxg4 Bxc4 27. Bg5 Be2 28. Qc1 Qxg4 29. Bf4 c4 30. Qc3 Bf3 31. Bg3 Be4 32. Rc1 Bd5 33. Qf6 Qe4 34. Qf3 Qxf3 35. gxf3 Bxf3 36. Be5 Rc5 37. Bd4 Rh5 0-1

[Event "FIDE Women’s World Rapid Championships 2024"]
[White "Beydullayeva, Govhar"]
[Black "Tsolakidou, Stavroula"]
[Site "New York, USA"]
[Round "1"]
[Board "23"]
[Result "1/2-1/2"]
[Date "2024.12.26"]
[WhiteElo "2212"]
[BlackElo "2381"]
[PlyCount "134"]
[GameId "2127263735582877"]
[EventDate "2024.12.26"]
[EventType "rapid"]
[EventRounds "11"]
[EventCountry "FID"]

1. d4 Nf6 2. c4 e6 3. Nf3 c5 4. d5 b5 5. dxe6 fxe6 6. cxb5 a6 7. bxa6 Bxa6 8. g3 Nc6 9. Bg2 Be7 10. Nc3 O-O 11. O-O d5 12. Ng5 Qd7 13. Bh3 Nd8 14. b3 h6 15. Nf3 Nc6 16. Re1 Rad8 17. Ba3 g5 18. Bg2 Qe8 19. Qc2 Rc8 20. Rac1 Qf7 21. Qb1 g4 22. Nh4 Kg7 23. Bb2 d4 24. Ne4 Nxe4 25. Qxe4 Bxh4 26. gxh4 Qxf2+ 27. Kh1 Qf5 28. e3 Qxe4 29. Bxe4 Nb4 30. exd4 Nd3 31. Bxd3 Bxd3 32. dxc5+ Kf7 33. Rcd1 Bb5 34. b4 Bc6+ 35. Kg1 Bd5 36. a3 Kg6 37. Re5 Rf3 38. h5+ Kf7 39. Rexd5 exd5 40. Rxd5 Re8 41. Rd7+ Ke6 42. Rd2 Kf5 43. c6 g3 44. hxg3 Kg4 45. Bd4 Re1+ 46. Kg2 Rxg3+ 47. Kf2 Rc1 48. b5 Rb3 49. a4 Rb4 50. Be3 Rcc4 51. Ra2 Kxh5 52. Kf3 Kg6 53. Rg2+ Kf5 54. Rh2 Rxa4 55. Rh5+ Ke6 56. Rxh6+ Kd5 57. Rh5+ Kd6 58. Rh6+ Kd5 59. Rh5+ Kd6 60. Rf5 Rab4 61. Rf6+ Kd5 62. Rf5+ Ke6 63. Rh5 Rb3 64. Rh6+ Kd5 65. Rh5+ Kd6 66. Rh6+ Kd5 67. Rh5+ Kd6 1/2-1/2

[Event "FIDE Women’s World Rapid Championships 2024"]
[White "Bulmaga, Irina"]
[Black "Sliwicka, Alicja"]
[Site "New York, USA"]
[Round "1"]
[Board "24"]
[Result "0-1"]
[Date "2024.12.26"]
[WhiteElo "2378"]
[BlackElo "2206"]
[PlyCount "37"]
[GameId "2127263735582878"]
[EventDate "2024.12.26"]
[EventType "rapid"]
[EventRounds "11"]
[EventCountry "FID"]

1. e4 c5 2. c3 e5 3. Nf3 Nc6 4. Bc4 Nf6 5. Ng5 d5 6. exd5 Nxd5 7. d4 cxd4 8. Nxf7 Kxf7 9. Qf3+ Ke6 10. a4 Be7 11. O-O Qd6 12. b4 Rd8 13. b5 Na5 14. Ba2 Bf6 15. cxd4 Kf7 16. Ba3 Qe6 17. Nc3 e4 18. Nxe4 Qf5 19. Qxf5 0-1

[Event "FIDE Women’s World Rapid Championships 2024"]
[White "Krasteva, Beloslava"]
[Black "Kashlinskaya, Alina"]
[Site "New York, USA"]
[Round "1"]
[Board "25"]
[Result "0-1"]
[Date "2024.12.26"]
[WhiteElo "2196"]
[BlackElo "2378"]
[PlyCount "83"]
[GameId "2127263735582879"]
[EventDate "2024.12.26"]
[EventType "rapid"]
[EventRounds "11"]
[EventCountry "FID"]

1. d4 e6 2. c4 b6 3. e4 Bb4+ 4. Nd2 Bb7 5. Qc2 f5 6. exf5 Nf6 7. a3 Be4 8. Qd1 Bxd2+ 9. Qxd2 Bxf5 10. Nf3 O-O 11. Be2 d6 12. O-O Nbd7 13. b4 Ne4 14. Qe3 Ndf6 15. Nd2 Nxd2 16. Bxd2 Qe8 17. f3 Qg6 18. Rfe1 h6 19. Kh1 Rae8 20. Bc3 b5 21. cxb5 Nd5 22. Qd2 Qf6 23. Rac1 Qh4 24. Bc4 Kh8 25. Bb2 Bg6 26. Bxd5 exd5 27. Kg1 Bh5 28. Qf2 Qg5 29. h4 Rxe1+ 30. Rxe1 Qg6 31. Kh2 Rf6 32. Qe3 Kh7 33. g4 Bxg4 34. fxg4 Qxg4 35. Qg3 Qf5 36. Rg1 g5 37. hxg5 hxg5 38. Rg2 Rh6+ 39. Kg1 Qb1+ 40. Kf2 Qxb2+ 41. Kf3 Qc3+ 42. Kf2 0-1

[Event "FIDE Women’s World Rapid Championships 2024"]
[White "Kamalidenova, Meruert"]
[Black "Mamedjarova, Zeinab"]
[Site "New York, USA"]
[Round "1"]
[Board "26"]
[Result "1-0"]
[Date "2024.12.26"]
[WhiteElo "2368"]
[BlackElo "2194"]
[PlyCount "69"]
[GameId "2127263735582880"]
[EventDate "2024.12.26"]
[EventType "rapid"]
[EventRounds "11"]
[EventCountry "FID"]

1. e4 d5 2. exd5 Qxd5 3. Nc3 Qd8 4. d4 Nf6 5. Nf3 Bg4 6. h3 Bxf3 7. Qxf3 c6 8. Be3 e6 9. Bd3 Nbd7 10. O-O-O Be7 11. g4 Nb6 12. Kb1 Nbd5 13. Nxd5 Nxd5 14. Be4 Nf6 15. c4 Qc7 16. Bc2 a6 17. g5 Nd7 18. Qe4 Rc8 19. f4 b5 20. d5 cxd5 21. cxd5 Nc5 22. Bxc5 Qxc5 23. dxe6 fxe6 24. Bb3 Qf5 25. Rhe1 Qxe4+ 26. Rxe4 Rd8 27. Rde1 Rd6 28. Bxe6 Kd8 29. Rc1 Ke8 30. Bg4 Rf8 31. Rc7 Rf7 32. Be6 Rf8 33. h4 a5 34. a4 bxa4 35. Bc4 1-0

[Event "FIDE Women’s World Rapid Championships 2024"]
[White "Uuriintuya, Uurtsaikh"]
[Black "Khademalsharieh, Sarasadat"]
[Site "New York, USA"]
[Round "1"]
[Board "27"]
[Result "1-0"]
[Date "2024.12.26"]
[WhiteElo "2188"]
[BlackElo "2359"]
[PlyCount "163"]
[GameId "2127263735582881"]
[EventDate "2024.12.26"]
[EventType "rapid"]
[EventRounds "11"]
[EventCountry "FID"]

1. e4 e5 2. Nf3 Nc6 3. Bb5 a6 4. Ba4 Nge7 5. c3 g6 6. d4 exd4 7. cxd4 b5 8. Bb3 Bg7 9. Bg5 h6 10. Bh4 g5 11. Bg3 d6 12. Nc3 g4 13. d5 Na5 14. Nd4 Ng6 15. O-O O-O 16. Nf5 Qg5 17. f4 gxf3 18. Rxf3 Nxb3 19. axb3 Ne5 20. Rf1 b4 21. Bf4 Qg4 22. Ne2 Bxf5 23. exf5 Qxf5 24. Bxh6 Qd3 25. Qxd3 Nxd3 26. Bxg7 Kxg7 27. Rad1 Nc5 28. Rd4 f5 29. Ng3 Kg6 30. Rdf4 Nd3 31. R4f3 Ne5 32. Rf4 Nd3 33. Rd4 Ne5 34. Rdf4 Nd3 35. R4f3 Ne5 36. Rxf5 Rxf5 37. Nxf5 Re8 38. Nd4 Ng4 39. Ne6 c5 40. Ra1 Ra8 41. Nc7 Ra7 42. Nb5 Ra8 43. Nxd6 Ne3 44. Ne4 c4 45. d6 Kf5 46. Nc5 c3 47. bxc3 bxc3 48. Rc1 Nd5 49. Na4 Rd8 50. Nxc3 Nxc3 51. Rxc3 Rxd6 52. Kf2 Kf4 53. Rc4+ Kg5 54. Rc5+ Kf4 55. g3+ Kg4 56. Rc4+ Kf5 57. h4 Rd2+ 58. Ke3 Rb2 59. Rc5+ Kf6 60. Rc6+ Kf5 61. Rxa6 Rxb3+ 62. Kf2 Rb2+ 63. Kf3 Rb3+ 64. Kg2 Kg4 65. Ra4+ Kh5 66. Ra5+ Kg6 67. Rg5+ Kh6 68. Kh3 Rb4 69. Rf5 Rb3 70. Kg4 Kg6 71. h5+ Kh6 72. Rf6+ Kg7 73. Rf3 Rb5 74. Kh4 Kh6 75. g4 Rb4 76. Rf6+ Kg7 77. Rd6 Ra4 78. Re6 Rb4 79. Kg5 Rb5+ 80. Kf4 Rb1 81. Kf5 Rh1 82. Re7+ 1-0

[Event "FIDE Women’s World Rapid Championships 2024"]
[White "Vaishali, Rameshbabu"]
[Black "Khamdamova, Afruza"]
[Site "New York, USA"]
[Round "1"]
[Board "28"]
[Result "1/2-1/2"]
[Date "2024.12.26"]
[WhiteElo "2355"]
[BlackElo "2188"]
[PlyCount "168"]
[GameId "2127263735582882"]
[EventDate "2024.12.26"]
[EventType "rapid"]
[EventRounds "11"]
[EventCountry "FID"]

1. e4 e5 2. Nf3 Nc6 3. Nc3 Nf6 4. Bb5 Bd6 5. d3 h6 6. a3 O-O 7. g4 Nd4 8. g5 hxg5 9. Bxg5 Nxb5 10. Nxb5 Be7 11. Nc3 d6 12. Rg1 Re8 13. Qd2 Be6 14. O-O-O c5 15. Bh4 g6 16. Qh6 Nh7 17. Rg3 Qd7 18. Bxe7 Qxe7 19. Nh4 Qf8 20. Qe3 Qg7 21. Rdg1 Nf8 22. Nf5 Bxf5 23. exf5 Qf6 24. Nd5 Qxf5 25. Rf3 Qe6 26. Nf6+ Kg7 27. Nh5+ Kh7 28. Rh3 Qa2 29. Qg5 Re6 30. Qh4 f5 31. Nf4+ Kg7 32. Qh8+ Kf7 33. Rh7+ Nxh7 34. Qxh7+ Ke8 35. Qg8+ Kd7 36. Qf7+ Kc6 37. Nxe6 Qa1+ 38. Kd2 Qxg1 39. Qc7+ Kd5 40. Qd7 Qxf2+ 41. Kc3 Qe1+ 42. Kb3 e4 43. Nc7+ Ke5 44. Qe6+ Kf4 45. Nxa8 e3 46. Nc7 Kf3 47. Nd5 Qf2 48. Qxg6 e2 49. Qxf5+ Kg2 50. Nf4+ Kf1 51. Qh3+ Kg1 52. Nxe2+ Qxe2 53. Qg3+ Kf1 54. Qxd6 Qe3 55. h4 b5 56. Ka2 Qf2 57. Qd5 Kg1 58. c3 a5 59. d4 b4 60. Qxc5 bxc3 61. Qxc3 Qxh4 62. d5 a4 63. d6 Qg4 64. Qc5+ Kh2 65. Qe5+ Kg1 66. Qd5 Qd7 67. Qg5+ Kf1 68. Qe7 Qf5 69. Ka1 Qd5 70. Qf8+ Ke1 71. Qe8+ Kf1 72. Qxa4 Qxd6 73. Qc4+ Kg1 74. a4 Qe5 75. Ka2 Kf2 76. Qc2+ Kf1 77. Qd3+ Kg1 78. Qd1+ Kg2 79. Qd2+ Kg1 80. a5 Qb5 81. Qd4+ Kh2 82. Qd6+ Kg2 83. Qb6 Qa4+ 84. Kb1 Qd1+ 1/2-1/2

[Event "FIDE Women’s World Rapid Championships 2024"]
[White "Nurgaliyeva, Zarina"]
[Black "Shuvalova, Polina"]
[Site "New York, USA"]
[Round "1"]
[Board "29"]
[Result "0-1"]
[Date "2024.12.26"]
[WhiteElo "2175"]
[BlackElo "2355"]
[PlyCount "118"]
[GameId "2127263735586979"]
[EventDate "2024.12.26"]
[EventType "rapid"]
[EventRounds "11"]
[EventCountry "FID"]

1. e4 c5 2. Nf3 d6 3. Bb5+ Nd7 4. d4 cxd4 5. Qxd4 a6 6. Bxd7+ Bxd7 7. O-O Nf6 8. Bg5 e6 9. Nbd2 h6 10. Bh4 Bc6 11. Rad1 Be7 12. h3 O-O 13. Rfe1 Qc7 14. Bg3 Rfd8 15. Nc4 e5 16. Qb6 Rac8 17. Qxc7 Rxc7 18. Ncd2 b5 19. Nh2 Nh5 20. Ndf1 b4 21. Nf3 Bb7 22. Re2 Rdc8 23. Ne1 a5 24. Bh2 Nf4 25. Bxf4 exf4 26. Nh2 Rc4 27. e5 dxe5 28. Rxe5 Bf6 29. Rxa5 Bxb2 30. Ra7 Be4 31. Nd3 Bxd3 32. cxd3 Rc1 33. Rxc1 Rxc1+ 34. Nf1 Rc2 35. Ra4 Bc3 36. Nh2 Rc1+ 37. Nf1 Rd1 38. Ra8+ Kh7 39. Ra7 Kg6 40. Rd7 Ra1 41. d4 Rxa2 42. d5 Ra1 43. Rb7 Rd1 44. Rb5 h5 45. h4 f6 46. Rc5 b3 47. Rxc3 b2 48. Rb3 b1=Q 49. Rxb1 Rxb1 50. f3 Kf5 51. Kf2 Rb2+ 52. Kg1 Ke5 53. g3 fxg3 54. Nxg3 g6 55. Ne4 f5 56. Nf2 Kxd5 57. Nd3 Rd2 58. Nf4+ Kd4 59. Nxg6 Ke3 0-1

[Event "FIDE Women’s World Rapid Championships 2024"]
[White "Sukandar, Irine Kharisma"]
[Black "Kaliakhmet, Elnaz"]
[Site "New York, USA"]
[Round "1"]
[Board "30"]
[Result "1-0"]
[Date "2024.12.26"]
[WhiteElo "2354"]
[BlackElo "2162"]
[PlyCount "159"]
[GameId "2127263735586980"]
[EventDate "2024.12.26"]
[EventType "rapid"]
[EventRounds "11"]
[EventCountry "FID"]

1. Nf3 d5 2. d4 e6 3. e3 Nf6 4. b3 b6 5. Bb2 Bb7 6. Bd3 Bd6 7. Nbd2 c5 8. O-O Nbd7 9. Ne5 Qc7 10. f4 O-O 11. Rc1 Rac8 12. Qe1 Ne4 13. Bxe4 dxe4 14. Qg3 f6 15. Nxd7 Qxd7 16. Nc4 Be7 17. Rfd1 Qc6 18. Ba3 Rcd8 19. Qh3 Bc8 20. Qg3 Rfe8 21. dxc5 Bxc5 22. Bxc5 Qxc5 23. Qe1 Ba6 24. Nb2 Rxd1 25. Nxd1 e5 26. fxe5 Qxe5 27. Qc3 Qxc3 28. Nxc3 Rd8 29. Nxe4 Re8 30. Ng3 Rxe3 31. Kf2 Rc3 32. Ne4 Rc7 33. c4 Rd7 34. Rc2 Bb7 35. Nc3 Kf7 36. Ke3 Re7+ 37. Kd4 Re1 38. Nb5 Rd1+ 39. Ke3 a6 40. Nc3 Re1+ 41. Kf2 Re5 42. Rd2 Ke7 43. g3 Rh5 44. Ke3 Re5+ 45. Kd4 Kd6 46. b4 Kc7 47. a3 Re8 48. Nd5+ Bxd5 49. cxd5 f5 50. Rc2+ Kd7 51. Rc6 Re4+ 52. Kd3 Re5 53. Rxb6 Rxd5+ 54. Ke3 Re5+ 55. Kf4 Re2 56. Kxf5 Rxh2 57. Rxa6 g6+ 58. Kg4 Kc7 59. a4 Rb2 60. b5 Kb7 61. Rf6 Rb4+ 62. Rf4 Rb3 63. Rf7+ Kb6 64. Rxh7 Rb4+ 65. Kg5 Rxa4 66. Rh4 Ra3 67. g4 Kxb5 68. Kxg6 Kc6 69. Rh1 Kd7 70. Re1 Ra6+ 71. Kf7 Rd6 72. g5 Rd5 73. g6 Rf5+ 74. Kg8 Rf2 75. g7 Rh2 76. Re4 Kd6 77. Kf7 Rf2+ 78. Kg6 Rg2+ 79. Kf6 Kd7 80. Re5 1-0

[Event "FIDE Women’s World Rapid Championships 2024"]
[White "Ouellet, Maili-Jade"]
[Black "Vantika, Agrawal"]
[Site "New York, USA"]
[Round "1"]
[Board "31"]
[Result "0-1"]
[Date "2024.12.26"]
[WhiteElo "2149"]
[BlackElo "2352"]
[PlyCount "172"]
[GameId "2127263735586981"]
[EventDate "2024.12.26"]
[EventType "rapid"]
[EventRounds "11"]
[EventCountry "FID"]

1. d4 Nf6 2. c4 e6 3. Nc3 Bb4 4. e3 b6 5. Nge2 Ba6 6. a3 Bxc3+ 7. Nxc3 d5 8. Qf3 O-O 9. cxd5 exd5 10. Bxa6 Nxa6 11. O-O c6 12. b4 Qd7 13. Rb1 Nc7 14. a4 b5 15. Bd2 a6 16. Rfc1 Ne6 17. h4 Rfd8 18. Be1 Ne8 19. Nd1 Nd6 20. Nb2 h6 21. Nd3 Nc4 22. Ne5 Qc7 23. Nxc4 bxc4 24. Bc3 Rab8 25. Rb2 Qe7 26. Qg3 Nf8 27. Re1 f5 28. f3 Ne6 29. Qe5 Qf6 30. Qxf6 gxf6 31. g3 Kf7 32. Kf2 Rg8 33. Reb1 Nc7 34. Be1 Ke6 35. Bd2 Kd7 36. Bc3 Rg7 37. Be1 Re8 38. Rc1 Reg8 39. Ke2 h5 40. Bf2 Rb8 41. Be1 Ne6 42. Rcb1 Rb7 43. Kf2 Rg8 44. Ke2 Kd6 45. Kf2 Rbg7 46. Ke2 f4 47. gxf4 Rg2+ 48. Bf2 Rh2 49. f5 Nc7 50. Kf1 Rh1+ 51. Ke2 Rh2 52. Kf1 Rh3 53. Ke2 Kd7 54. Rc2 Rg2 55. Rcc1 Rhh2 56. Rf1 Rxh4 57. Rh1 Rhh2 58. Rxh2 Rxh2 59. Rg1 Ne8 60. e4 Nd6 61. Ke3 c3 62. Rg7+ Ke8 63. Bg3 Nc4+ 64. Kd3 c2 65. Bf4 Rf2 66. Bc1 h4 67. Rh7 Rxf3+ 68. Kxc2 h3 69. exd5 cxd5 70. b5 axb5 71. axb5 Rf2+ 72. Kb1 h2 73. Rh4 Kd7 74. Rh7+ Kc8 75. Rh6 Kb7 76. Rh3 Kb6 77. Rh6 Kxb5 78. Rh8 Kb4 79. Rh3 Ka4 80. Rh6 Na3+ 81. Ka1 Rf1 82. Rxh2 Rxc1+ 83. Kb2 Rb1+ 84. Ka2 Rf1 85. Rh7 Rf2+ 86. Ka1 Rxf5 0-1

[Event "FIDE Women’s World Rapid Championships 2024"]
[White "Song, Yuxin"]
[Black "Lyutsinger, Iren"]
[Site "New York, USA"]
[Round "1"]
[Board "32"]
[Result "1-0"]
[Date "2024.12.26"]
[WhiteElo "2347"]
[BlackElo "2140"]
[PlyCount "63"]
[GameId "2127263735586982"]
[EventDate "2024.12.26"]
[EventType "rapid"]
[EventRounds "11"]
[EventCountry "FID"]

1. e4 c5 2. Nf3 d6 3. d4 cxd4 4. Nxd4 Nf6 5. Nc3 a6 6. h3 g6 7. Be3 Bg7 8. g4 Nc6 9. Bg2 Nd7 10. Nde2 h5 11. g5 O-O 12. a4 Rb8 13. f4 b5 14. axb5 axb5 15. e5 Nb4 16. exd6 exd6 17. Ba7 Rb7 18. Bf2 Re8 19. O-O Nb6 20. Nd4 Nc4 21. Qc1 Rbe7 22. f5 Bxd4 23. Bxd4 Bxf5 24. Rxf5 gxf5 25. Bf6 Qb6+ 26. Kh2 Re3 27. Qf1 d5 28. Qd1 Qd6+ 29. Kh1 Qg3 30. Qxh5 Re1+ 31. Bf1 Rxf1+ 32. Rxf1 1-0

[Event "FIDE Women’s World Rapid Championships 2024"]
[White "Melekhina, Alisa"]
[Black "Garifullina, Leya"]
[Site "New York, USA"]
[Round "1"]
[Board "33"]
[Result "0-1"]
[Date "2024.12.26"]
[WhiteElo "2139"]
[BlackElo "2336"]
[PlyCount "194"]
[GameId "2127263735586983"]
[EventDate "2024.12.26"]
[EventType "rapid"]
[EventRounds "11"]
[EventCountry "FID"]

1. e4 c5 2. Nc3 d6 3. g3 Nc6 4. Bg2 g6 5. d3 Bg7 6. Nge2 e6 7. O-O Nge7 8. Bg5 Rb8 9. Qd2 h6 10. Be3 Nd4 11. f4 b5 12. Nd1 b4 13. Nc1 f5 14. c3 bxc3 15. bxc3 Ndc6 16. Ne2 O-O 17. exf5 exf5 18. d4 Ba6 19. Re1 Na5 20. Bf2 Nc4 21. Qc1 Qc7 22. Ne3 Nb2 23. Qd2 Nd3 24. Reb1 Kh7 25. Rb3 Qa5 26. Rd1 Qa4 27. Nc1 Nxc1 28. Qxc1 cxd4 29. cxd4 Rfc8 30. Qa3 Qxa3 31. Rxa3 Rb6 32. Be1 Rcb8 33. Ba5 Rb1 34. Rxb1 Rxb1+ 35. Kf2 Rb2+ 36. Ke1 Re2+ 37. Kd1 Bxd4 38. Bf1 Rxe3 39. Rxe3 Bxe3 40. Bxa6 Kg7 41. Ke2 Bc5 42. Bd3 Kf7 43. Bc4+ d5 44. Bd3 Ke6 45. Bc3 h5 46. h3 Nc8 47. Kf3 Nd6 48. Be1 Ne4 49. g4 hxg4+ 50. hxg4 Ba3 51. gxf5+ gxf5 52. Ba6 d4 53. Bc8+ Kf6 54. Ba6 Bc1 55. Bb4 Bd2 56. Ba3 Ba5 57. Bf8 Bb6 58. Bd3 Bc5 59. Bh6 Kg6 60. Bg5 Nxg5+ 61. fxg5 Kxg5 62. Bc2 Kf6 63. Bd3 Ke5 64. Bc2 Bf8 65. Bd3 Bh6 66. Bc2 Be3 67. Bd3 f4 68. Bc4 Kd6 69. Ke4 Kc5 70. Bb3 Kb4 71. Bd1 Kc3 72. Be2 a5 73. a4 Kd2 74. Bb5 Kc2 75. Bd3+ Kc3 76. Bb5 Bc1 77. Ba6 Ba3 78. Be2 Bd6 79. Bb5 f3 80. Kxf3 d3 81. Ke4 d2 82. Be2 Kc2 83. Kd5 Bb4 84. Kc4 d1=Q 85. Bxd1+ Kxd1 86. Kb3 Kc1 87. Ka2 Kc2 88. Ka1 Kb3 89. Kb1 Kxa4 90. Ka2 Kb5 91. Kb3 a4+ 92. Ka2 Bc5 93. Kb1 Kb4 94. Ka2 Bd4 95. Kb1 Kb3 96. Kc1 a3 97. Kb1 a2+ 0-1

[Event "FIDE Women’s World Rapid Championships 2024"]
[White "Batsiashvili, Nino"]
[Black "Belenkaya, Dina"]
[Site "New York, USA"]
[Round "1"]
[Board "34"]
[Result "1-0"]
[Date "2024.12.26"]
[WhiteElo "2333"]
[BlackElo "2136"]
[PlyCount "125"]
[GameId "2127263735586984"]
[EventDate "2024.12.26"]
[EventType "rapid"]
[EventRounds "11"]
[EventCountry "FID"]

1. d4 Nf6 2. c4 e6 3. Nc3 d5 4. Nf3 Be7 5. Bf4 O-O 6. e3 c6 7. Rc1 Nbd7 8. h3 a6 9. a3 Re8 10. c5 Nf8 11. Bd3 Ng6 12. Bh2 Nd7 13. O-O f5 14. b4 Bf6 15. Ne2 Ndf8 16. Qc2 Bd7 17. Bd6 Qc8 18. Qc3 Be7 19. Bxe7 Rxe7 20. Ne5 Nxe5 21. dxe5 g5 22. f4 Rg7 23. Nd4 Qe8 24. Qd2 Qh5 25. Qe2 Qh6 26. Rf2 gxf4 27. exf4 Qxh3 28. Rc3 Qh6 29. Bc2 Be8 30. Bd1 Rg4 31. g3 Rg6 32. Qf3 a5 33. Kg2 Rg7 34. Rf1 axb4 35. axb4 Ng6 36. Kf2 Ra2+ 37. Be2 Ne7 38. Rh1 Qg6 39. Rc2 Ra7 40. Rh3 Qf7 41. Qb3 Ng6 42. Ra2 Rxa2 43. Qxa2 Qd7 44. Qa8 Kf7 45. Rh6 Ke7 46. b5 Kf7 47. b6 Qe7 48. Nb3 Qd7 49. Qb8 Ke7 50. Bh5 Bf7 51. Nd4 Be8 52. Bxg6 Bxg6 53. Rh1 Be8 54. Ra1 Kf8 55. Ra8 Qf7 56. Qxe8+ Qxe8 57. Nxe6+ Kf7 58. Rxe8 Rg6 59. Nc7 Rh6 60. e6+ Kg7 61. Re7+ Kg6 62. Rd7 Rh2+ 63. Kf3 1-0

[Event "FIDE Women’s World Rapid Championships 2024"]
[White "Mkrtchyan, Mariam"]
[Black "Munkhzul, Turmunkh"]
[Site "New York, USA"]
[Round "1"]
[Board "35"]
[Result "0-1"]
[Date "2024.12.26"]
[WhiteElo "2136"]
[BlackElo "2333"]
[PlyCount "68"]
[GameId "2127263735586985"]
[EventDate "2024.12.26"]
[EventType "rapid"]
[EventRounds "11"]
[EventCountry "FID"]

1. d4 Nf6 2. c4 g6 3. g3 Bg7 4. Bg2 O-O 5. Nc3 d6 6. Nf3 Nc6 7. d5 Na5 8. b3 c5 9. Bb2 a6 10. O-O Rb8 11. a4 Bd7 12. Qc2 Bf5 13. Qd1 Ne4 14. Rc1 b5 15. axb5 axb5 16. cxb5 Nxc3 17. Bxc3 Rxb5 18. Bxg7 Kxg7 19. Nd2 Qb6 20. e4 Bd7 21. Rc3 Rb8 22. Qa1 Kg8 23. Rb1 Rb4 24. Bf1 Bb5 25. Bxb5 Qxb5 26. Kg2 Rd4 27. Rb2 Qb4 28. Rcc2 Rd3 29. Qb1 Qd4 30. Qa2 Nxb3 31. Rxb3 Rbxb3 32. Nxb3 Qxe4+ 33. Kh3 Qf5+ 34. Kg2 Qf3+ 0-1

[Event "FIDE Women’s World Rapid Championships 2024"]
[White "Zhu, Chen"]
[Black "Sevcikova, Lucia"]
[Site "New York, USA"]
[Round "1"]
[Board "36"]
[Result "1-0"]
[Date "2024.12.26"]
[WhiteElo "2330"]
[BlackElo "2132"]
[PlyCount "107"]
[GameId "2127263735591082"]
[EventDate "2024.12.26"]
[EventType "rapid"]
[EventRounds "11"]
[EventCountry "FID"]

1. d4 d5 2. c4 c6 3. Nf3 Nf6 4. e3 e6 5. b3 Bd6 6. Bb2 Nbd7 7. Bd3 O-O 8. Nbd2 b6 9. O-O Bb7 10. Rc1 c5 11. cxd5 exd5 12. Bb1 Re8 13. Re1 Ne4 14. dxc5 bxc5 15. Nxe4 dxe4 16. Qxd6 exf3 17. Qg3 f6 18. Red1 Qe7 19. Qh3 Nf8 20. gxf3 Rad8 21. Bd3 Kh8 22. Ba3 Rd5 23. Bf5 Rxd1+ 24. Rxd1 g6 25. Bd3 Rd8 26. Bb2 Ne6 27. Qh4 Kg7 28. Be2 Rxd1+ 29. Bxd1 Qd8 30. Be2 g5 31. Qc4 Bd5 32. Qd3 Qa8 33. Qf5 Qd8 34. Bd3 Nf8 35. Qxg5+ Kf7 36. Qh5+ Kg7 37. Be4 Bf7 38. Qg4+ Ng6 39. Bc3 Qd1+ 40. Kg2 c4 41. Bxg6 hxg6 42. Qf4 Qd8 43. bxc4 Qb6 44. h4 Qe6 45. c5 Qc6 46. a3 Bd5 47. Bd4 a5 48. e4 Bb3 49. Qb8 a4 50. Qd8 Qe6 51. Qc7+ Kg8 52. c6 Bd1 53. Qd8+ Kg7 54. Qd7+ 1-0

[Event "FIDE Women’s World Rapid Championships 2024"]
[White "Kurmangaliyeva, Liya"]
[Black "Sahithi, Varshini M"]
[Site "New York, USA"]
[Round "1"]
[Board "37"]
[Result "1-0"]
[Date "2024.12.26"]
[WhiteElo "2128"]
[BlackElo "2329"]
[PlyCount "56"]
[GameId "2127263735591083"]
[EventDate "2024.12.26"]
[EventType "rapid"]
[EventRounds "11"]
[EventCountry "FID"]

1. e4 c5 2. Nf3 Nc6 3. Bb5 e6 4. Bxc6 bxc6 5. d3 Ne7 6. e5 d6 7. exd6 Nf5 8. Nbd2 Bxd6 9. Ne4 Be7 10. O-O f6 11. b3 e5 12. a4 a5 13. Ba3 Qb6 14. Nfd2 O-O 15. Nc4 Qa7 16. Qd2 Nd4 17. Rae1 Be6 18. Qc3 Bd5 19. Ne3 Bxe4 20. dxe4 Rfd8 21. Qc4+ Kh8 22. c3 Rab8 23. cxd4 cxd4 24. Bxe7 Qxe7 25. Nf5 Qf8 26. Qd3 Rd7 27. Rb1 Rb4 28. Rfc1 c5 1-0

[Event "FIDE Women’s World Rapid Championships 2024"]
[White "Javakhishvili, Lela"]
[Black "Jarocka, Liwia"]
[Site "New York, USA"]
[Round "1"]
[Board "38"]
[Result "1/2-1/2"]
[Date "2024.12.26"]
[WhiteElo "2321"]
[BlackElo "2127"]
[PlyCount "116"]
[GameId "2127263735591084"]
[EventDate "2024.12.26"]
[EventType "rapid"]
[EventRounds "11"]
[EventCountry "FID"]

1. Nf3 d5 2. b3 Nf6 3. Bb2 Bg4 4. e3 e6 5. h3 Bxf3 6. Qxf3 Nbd7 7. g4 c6 8. h4 Qc7 9. g5 Ne4 10. d3 Qa5+ 11. Ke2 Nd6 12. Bh3 O-O-O 13. Nd2 h6 14. a3 Kb8 15. b4 Qc7 16. Nb3 hxg5 17. hxg5 Be7 18. Rag1 Rdg8 19. Nc5 Nxc5 20. bxc5 Nf5 21. Bxf5 Rxh1 22. Rxh1 exf5 23. Qxf5 Bxc5 24. Be5 Bd6 25. Bxd6 Qxd6 26. Qxf7 Rf8 27. Qxg7 Qc5 28. Qb2 d4 29. f4 Qd5 30. Rh2 c5 31. e4 Qe6 32. f5 Qe5 33. Rf2 Qg3 34. Qb5 Qe3+ 35. Kf1 Qh3+ 36. Rg2 Qf3+ 37. Kg1 Qe3+ 38. Rf2 Qxg5+ 39. Kf1 Qc1+ 40. Ke2 Qxc2+ 41. Kf3 Qd1+ 42. Kf4 Qc1+ 43. Ke5 Qe3 44. Qd7 Qg3+ 45. Kd5 Qg8+ 46. Qe6 Rd8+ 47. Kc4 Qg1 48. Qe5+ Ka8 49. Rb2 Qc1+ 50. Kb3 c4+ 51. dxc4 Qc3+ 52. Ka2 Qxc4+ 53. Kb1 Qd3+ 54. Ka2 Qc4+ 55. Kb1 Qd3+ 56. Ka2 Qc4+ 57. Ka1 Qc1+ 58. Ka2 Qc4+ 1/2-1/2